| 000 | 00613nam a22002177a 4500 | ||
|---|---|---|---|
| 005 | 20230829115057.0 | ||
| 008 | 230829b ||||| |||| 00| 0 eng d | ||
| 020 | _a9789358490350 | ||
| 040 |
_aIN-DiNC _cIN-DiNC |
||
| 041 | _dasm | ||
| 082 |
_a338.5 _bBYA |
||
| 245 |
_aByastigata arthaniti tattwa (Minor1)/ _cby Minati Gogoi Baruah and others |
||
| 250 | _a1st ed. | ||
| 260 |
_aDibrugarh: _bBanalata, _c2023. |
||
| 300 | _a291p. | ||
| 650 | _aMicroeconomics | ||
| 700 |
_aBaruah, Minati Gogoi _eauthor |
||
| 700 |
_aNeog, Brajen Chandra _eauthor |
||
| 700 |
_aMahanta, Bidisha _eauthor |
||
| 942 |
_2ddc _cBK |
||
| 999 |
_c11609 _d11609 |
||